Equivoci e miraggi : pratiche d'autobiografia oggi /

I tiakina i:
Ngā taipitopito rārangi puna kōrero
Kaituhi matua: Scarlini, Luca (Author)
Hōputu: Pukapuka
Reo:Itāriana
I whakaputaina: Milano : Scuola Holden : BUR, 2003
Rangatū:Holden maps ; Scuola Holden 8
Ngā marau:
Ngā Tūtohu: Tāpirihia he Tūtohu
Kāore He Tūtohu, Me noho koe te mea tuatahi ki te tūtohu i tēnei pūkete!

MARC

LEADER 00000nam a22000007i 4500
001 IT\ICCU\UBO\2187496
003 ItRI
005 20260115231901.0
008 030515s2003 it |||||| ||||| |||||c
020 |a 8817117730 
040 |b ita  |c importazione bologna sebina 
041 7 |a ita  |2 ISO-639-2 
082 |a 809.93592  |9 STORIA, DESCRIZIONE, STUDI CRITICI DI PIU DI DUE LETTERATURE CHE DANNO RISALTO alle biografie  |2 21 
100 1 |a Scarlini, Luca  |0 IT\ICCU\BVEV\029771  |4 aut 
245 1 0 |a Equivoci e miraggi :  |b pratiche d'autobiografia oggi /  |c Luca Scarlini. 
260 |a Milano :  |b Scuola Holden :  |b BUR,  |c 2003 
300 |a 180 p. ;  |c 20 cm. 
650 7 |a Autobiografie e memorie 
830 0 |a Holden maps ;  |v 8  |a Scuola Holden  |0 IT\ICCU\VIA\0084649 
942 |2 ddc  |c BK  |n 0 
952 |0 0  |1 0  |4 0  |6 DOC_809_935000000000000_SCA  |7 0  |9 15269  |a BO  |b BO  |d 2026-01-15  |i 15216  |l 0  |o DOC 809.935 SCA  |p BO15216  |r 2026-01-15 23:19:01  |w 2026-01-15  |x [Sebina 5] [1 v.]  |y BK  |z 1 v. 
952 |0 0  |1 0  |4 0  |6 DOC_809_935000000000000_SCA  |7 0  |9 15270  |a BO  |b BO  |d 2026-01-15  |i 15474  |l 0  |o DOC 809.935 SCA  |p BO15474  |r 2026-01-15 23:19:01  |w 2026-01-15  |x [Sebina 5] [1 v.]  |y BK  |z 1 v. (2. copia, con dedica dell'A.) 
999 |c 13143  |d 13143